Historical dates - Statistics

General Stats
  • This quiz has been taken 28 times
  • The average score is 7 of 18
Answer Stats
Event Year % Correct
Christopher Columbus discovers America 1492
87%
Americans make use of atomic bombs in Hiroshima and Nagasaki 1945
83%
Russia invades Ukraine and seizes Crimea 2014
70%
The French Revolution starts as Bastille in Paris is stormed 1789
61%
Congress of Vienna forms European borders after Napoleonic Wars 1815
61%
The Korean War ends with a division of the peninsula 1953
52%
Elections in Poland mark the beginning of the end of communism in Eastern Europe 1989
52%
The Ottomans capture Constantinople 1453
39%
The American constitution, the first one in the world, is proclamated 1783
35%
The biggest extention of the EU takes place 2004
35%
Western Roman Empire collapses 476
30%
The UK is formed as Scotland and England unite 1707
26%
Muhammad escapes from Mecca to Medina 622
17%
Austria transforms into Austria-Hungary 1867
13%
The first crusade is launched 1096
9%
Treaty of Verdun splits the Frankish country in three 843
4%
Greek city-states win battle of Maraton 490 BCE
0%
The first olympic games ever 776 BCE
0%
No matching quizzes found
Score Distribution
Percent of People with Each Score
Percentile by Number Answered
Your Score History
You have not taken this quiz